000 00233nam a2200085Ia 4500
008 220204s9999 xx 000 0 und d
245 0 _aConference on recent advances in fluorocarbon polymers
260 _aPennsylvania
_c1976
942 _cBK
999 _c43512
_d43512